000
00218 a2200109 4500
020
_a
9781934617601
041
_a
spa
100
_a
Ehrmantraut, Brenda
245
_a
Atrapa la estrella
942
_c
BK
999
_c
29963
_d
29961
999
_d
29961